000 00380 a2200169 4500
001 156666
020 _a8516041298
040 _cEscola São Tomás de Aquino
100 _aLIBANIO, J. B.
240 1 0 _aIdeologia e cidadania
_lpor
245 1 0 _aIdeologia e cidadania
300 _a160
362 0 _a2004
440 1 _aModerna
697 _aInteração social
942 _cBK
999 _c156666
_d156666